00367nam a2200133Ia 4500003000400000008004100004020002600045040000800071100001700079245007700096260003500173300001400208365001100222LDD181029s9999 xx 000 0 und d a9781851687428c695.00 cLDD aDyer, Gwynne 0aClimate warsbthe fight for survival as the world overheatscGwynne Dyer aEnglandbOneworld Oxfordc2011 axv, 297p. b695.00